|
|
|
|
| LEADER |
01073nam a2200253 a 4500 |
| 001 |
3576615 |
| 008 |
090702r20021999nyua b 000 0 eng d |
| 010 |
|
|
|a 99034196
|
| 020 |
|
|
|a 0500281769
|
| 040 |
|
|
|a DLC
|c DLC
|d DLC
|
| 082 |
0 |
0 |
|a 720/.92
|2 21
|
| 100 |
1 |
|
|a Tzonis, Alexander.
|
| 245 |
1 |
0 |
|a Santiago Calatrava :
|b the poetics of movement /
|c Alexander Tzonis.
|
| 260 |
|
|
|a New York :
|b Universe;
|b Thames & Hudson,
|c c1999.[reprinted 2002]
|
| 300 |
|
|
|a 239 p. :
|b ill. (some col.) ;
|c 21 cm.
|
| 504 |
|
|
|a Includes bibliographical references (p. 236-237).
|
| 541 |
1 |
|
|e 00012606
|
| 600 |
1 |
0 |
|a Calatrava, Santiago,
|d 1951-
|x Criticism and interpretation.
|
| 650 |
|
0 |
|a Architecture
|z Spain
|x History
|y 20th century.
|
| 650 |
|
0 |
|a Civil engineering
|z Spain
|x History
|y 20th century.
|
| 700 |
1 |
|
|a Calatrava, Santiago,
|d 1951-
|
| 852 |
4 |
|
|a Ayesha Abed Library
|j General Shelf.
|
| 999 |
|
|
|c 7811
|d 7811
|
| 952 |
|
|
|0 0
|1 0
|2 ddc
|4 0
|6 720_920000000000000_TZO
|7 0
|9 8685
|a BRACUL
|b BRACUL
|c GEN
|d 2010-03-21
|g 2404.00
|l 18
|m 82
|o 720.92 TZO
|p 3010012606
|r 2021-12-23
|s 2021-12-15
|t 1
|w 2010-03-21
|y BK
|x HKD 224.20
|